[Event "Solingen-ch"]
[Site "Solingen"]
[Date "2010.10.08"]
[Round "3"]
[White "Maczkowiak, Thomas"]
[Black "Bashylin, Seva"]
[Result "1-0"]
[WhiteElo "1943"]
[BlackElo "1686"]
[PlyCount "55"]
[EventDate "2010.??.??"]
[EventType "swiss"]
[EventRounds "7"]
[EventCountry "GER"]
[SourceDate "2010.09.15"]

1. Nf3 d5 2. c4 d4 3. e3 c5 4. exd4 cxd4 5. g3 b6 6. Bg2 Bb7 7. O-O Nc6 8. Qa4
Rc8 9. d3 Qd7 10. Bf4 Nf6 11. Re1 e6 12. Na3 a6 13. Nc2 Rd8 14. Ne5 Nxe5 15.
Qxd7+ Nexd7 16. Bxb7 Nc5 17. Bc6+ Ke7 18. Rad1 Rc8 19. Nxd4 Nh5 20. Bg5+ f6 21.
b4 fxg5 22. bxc5 bxc5 23. Bb7 Rc7 24. Nxe6 Rxb7 25. Nxc5+ Kd6 26. Nxb7+ Kc7 27.
Na5 Bb4 28. Re5 1-0

[Event "Solingen-ch"]
[Site "Solingen"]
[Date "2010.10.08"]
[Round "3"]
[White "Boschek, Hans-Joachim"]
[Black "Düxmann, Marcel"]
[Result "1/2-1/2"]
[WhiteElo "1946"]
[BlackElo "1666"]
[PlyCount "114"]
[EventDate "2010.??.??"]
[EventType "swiss"]
[EventRounds "7"]
[EventCountry "GER"]
[SourceDate "2010.09.15"]

1. d4 Nf6 2. Nf3 d5 3. Bf4 g6 4. e3 Bg7 5. Be2 c5 6. c3 cxd4 7. exd4 O-O 8.
Nbd2 Nc6 9. O-O Re8 10. Re1 Nh5 11. Bg5 h6 12. Be3 Nf6 13. Bd3 e5 14. dxe5 Nxe5
15. Nxe5 Rxe5 16. Nf3 Bg4 17. Be2 Re7 18. Nd4 Bxe2 19. Qxe2 a6 20. a4 Rc8 21.
Red1 Re4 22. f3 Re7 23. Qd2 Kh7 24. Nc2 Rd7 25. Bd4 Ne8 26. Ne3 Bxd4 27. Qxd4
Nc7 28. Ng4 Rd6 29. Qf4 Qf8 30. Ne5 f6 31. Ng4 h5 32. Ne3 Rcd8 33. Qb4 Qe8 34.
Nc4 Rc6 35. Na5 Qe3+ 36. Kh1 Rb6 37. Qh4 Qc5 38. Nc4 Re6 39. a5 Rde8 40. Nb6
Qe3 41. Nd7 Kg7 42. h3 Qa7 43. Nb6 Qb8 44. Re1 Rxe1+ 45. Rxe1 Rxe1+ 46. Qxe1
Qd8 47. Qd2 Qd6 48. b4 Qe6 49. Na4 Qc6 50. Nb6 Qe6 51. Kg1 Qf5 52. Kf2 g5 53.
g4 hxg4 54. hxg4 Qe5 55. Kg2 Qe6 56. Na4 Qc6 57. Nb6 Qe6 1/2-1/2

[Event "Solingen-ch"]
[Site "Solingen"]
[Date "2010.10.08"]
[Round "3"]
[White "Borchert, Stephan"]
[Black "Kublanow, Vladislav"]
[Result "1-0"]
[WhiteElo "1897"]
[BlackElo "1409"]
[PlyCount "55"]
[EventDate "2010.??.??"]
[EventType "swiss"]
[EventRounds "7"]
[EventCountry "GER"]
[SourceDate "2010.09.15"]

1. d4 d5 2. c4 c6 3. Nc3 e6 4. Nf3 Be7 5. Bf4 Nf6 6. e3 O-O 7. Bd3 dxc4 8. Bxc4
b5 9. Bd3 b4 10. Na4 Nd5 11. Bg3 Nd7 12. Qc2 N7f6 13. Qxc6 Bd7 14. Qa6 Ne8 15.
O-O Nec7 16. Qa5 b3 17. Nc5 bxa2 18. Rfc1 Bxc5 19. Rxc5 Ne8 20. Ne5 Nef6 21.
Rxa2 Qxa5 22. Raxa5 Nb4 23. Be2 a6 24. Nxd7 Nxd7 25. Rc7 Nf6 26. Bd6 Rfc8 27.
Rxc8+ Rxc8 28. Bxb4 1-0

[Event "Solingen-ch"]
[Site "Solingen"]
[Date "2010.10.08"]
[Round "3"]
[White "Kaiser, Stephan"]
[Black "Schikowsky, Andreas"]
[Result "1-0"]
[WhiteElo "1492"]
[BlackElo "1883"]
[PlyCount "61"]
[EventDate "2010.??.??"]
[EventType "swiss"]
[EventRounds "7"]
[EventCountry "GER"]
[SourceDate "2010.09.15"]

1. d4 c5 2. e3 e6 3. c4 Nf6 4. Nc3 Nc6 5. Nf3 d5 6. cxd5 exd5 7. Be2 Bf5 8. O-O
Bd6 9. b3 a6 10. Bb2 O-O 11. Rc1 b6 12. Na4 Ne4 13. Nd2 Re8 14. Nxe4 dxe4 15.
dxc5 bxc5 16. Nxc5 Qe7 17. Qd5 Ne5 18. Nxe4 Bc7 19. Ng3 Be6 20. Qb7 Rac8 21.
Bxa6 Ng4 22. Rfe1 Qh4 23. Rxc7 Qxh2+ 24. Kf1 Rcd8 25. Bd3 Nxe3+ 26. fxe3 Qxg3
27. Qf3 Qxc7 28. Rc1 Qd6 29. Bb5 Bd5 30. Qg4 Re6 31. Qxg7# 1-0

[Event "Solingen-ch"]
[Site "Solingen"]
[Date "2010.10.08"]
[Round "3"]
[White "Baumann, Ralf"]
[Black "Sherif, Amina"]
[Result "1-0"]
[WhiteElo "1812"]
[BlackElo "1080"]
[PlyCount "109"]
[EventDate "2010.??.??"]
[EventType "swiss"]
[EventRounds "7"]
[EventCountry "GER"]
[SourceDate "2010.09.15"]

1. e4 e5 2. Nf3 Nc6 3. Bb5 a6 4. Ba4 Nf6 5. O-O b5 6. Bb3 Bb7 7. d3 Be7 8. c3
O-O 9. Re1 Re8 10. Nbd2 Bc5 11. Nf1 h6 12. Be3 Bxe3 13. Nxe3 Na7 14. h3 a5 15.
a3 Rb8 16. Nh2 d5 17. exd5 Nxd5 18. Qh5 Qd7 19. Bxd5 Bxd5 20. Nhg4 Nc6 21. Nf5
Re6 22. Re3 Rg6 23. Nfxh6+ Kf8 24. Nf5 Ne7 25. Rxe5 Be6 26. Nh4 Bxg4 27. Qh8+
Ng8 28. Nxg6+ fxg6 29. hxg4 Qxd3 30. Rae1 Kf7 31. R5e3 Qd7 32. Rf3+ Nf6 33.
Qxb8 g5 34. Qa7 Kg6 35. Qe3 Nxg4 36. Qe8+ Qxe8 37. Rxe8 Nf6 38. Rxf6+ gxf6 39.
Rc8 Kf5 40. Rxc7 Ke6 41. Rc5 Kd6 42. Rxb5 a4 43. Rb4 Kc5 44. Rd4 f5 45. Kf1 f4
46. Ke2 Kc6 47. Kd3 Kc5 48. f3 Kc6 49. Kc4 Kb6 50. Rd6+ Ka5 51. Kc5 g4 52. Kc6
gxf3 53. gxf3 Ka6 54. Rd7 Ka5 55. Ra7# 1-0

[Event "Solingen-ch"]
[Site "Solingen"]
[Date "2010.10.08"]
[Round "3"]
[White "Wolf, Wieland"]
[Black "Kowalzick, Uwe"]
[Result "1/2-1/2"]
[WhiteElo "1383"]
[BlackElo "1620"]
[PlyCount "89"]
[EventDate "2010.??.??"]
[EventType "swiss"]
[EventRounds "7"]
[EventCountry "GER"]
[SourceDate "2010.09.15"]

1. e4 e5 2. Nf3 d6 3. Nc3 Nf6 4. d3 Be7 5. Be2 Nc6 6. Be3 Be6 7. O-O d5 8. exd5
Nxd5 9. Nxd5 Bxd5 10. a3 h5 11. d4 exd4 12. Nxd4 g6 13. Nxc6 Bxc6 14. Qxd8+
Rxd8 15. Rad1 O-O 16. Bd4 Be4 17. c3 a6 18. Bd3 Bd5 19. Rfe1 Be6 20. Be4 c5 21.
Be3 b5 22. Bc1 a5 23. Bc6 b4 24. Bh6 Rxd1 25. Rxd1 Rc8 26. Bd7 Rd8 27. axb4
axb4 28. Ba4 bxc3 29. Rxd8+ Bxd8 30. bxc3 g5 31. Bc2 Bf6 32. Bd3 c4 33. Be2 Kh7
34. Bf8 Bxc3 35. Bxh5 Ba5 36. Bd1 Bf5 37. Be7 Kg6 38. Be2 c3 39. Ba3 c2 40. Bc1
Bc7 41. g4 Bxg4 42. Bxg4 Bf4 43. Be2 Bxc1 44. Bd3+ f5 45. Bxc2 1/2-1/2

[Event "Solingen-ch"]
[Site "Solingen"]
[Date "2010.10.08"]
[Round "3"]
[White "Hobusch, Jan"]
[Black "Kirschbaum, Alexander"]
[Result "1-0"]
[WhiteElo "1745"]
[BlackElo "1531"]
[PlyCount "105"]
[EventDate "2010.??.??"]
[EventType "swiss"]
[EventRounds "7"]
[EventCountry "GER"]
[SourceDate "2010.09.15"]

1. e4 e5 2. Nf3 Nc6 3. Bb5 a6 4. Bxc6 dxc6 5. Nc3 Bd6 6. d4 exd4 7. Qxd4 f6 8.
Be3 Nh6 9. Bxh6 gxh6 10. O-O-O Bf4+ 11. Kb1 Qxd4 12. Rxd4 Bd7 13. e5 fxe5 14.
Re1 O-O-O 15. Nxe5 Rhf8 16. Nxd7 Rxd7 17. Rxd7 Kxd7 18. g3 Bd6 19. Ne4 Rf3 20.
Kc1 h5 21. h4 h6 22. Kd2 Bb4+ 23. c3 Be7 24. Re3 Rf8 25. Ke2 c5 26. Rf3 Ke6 27.
Rxf8 Bxf8 28. Kf3 Kf5 29. Nd2 b5 30. c4 c6 31. b3 a5 32. Nf1 Bg7 33. Nd2 Bf8
34. a4 b4 35. Ne4 Be7 36. Ke3 Ke5 37. Nd2 Bf8 38. Nf3+ Kf5 39. Ng1 Bg7 40. Ne2
Bf6 41. Kf3 Bg7 42. Nf4 Bd4 43. Nxh5 Kg6 44. Nf4+ Kf5 45. g4+ Ke5 46. Nd3+ Kf6
47. Ke4 Kg6 48. f4 Kf6 49. Ne5 Bxe5 50. fxe5+ Ke6 51. g5 hxg5 52. hxg5 Kf7 53.
Kf5 1-0

[Event "Solingen-ch"]
[Site "Solingen"]
[Date "2010.10.08"]
[Round "3"]
[White "Müller, Ernst"]
[Black "Littek, Oliver"]
[Result "1-0"]
[WhiteElo "1517"]
[BlackElo "707"]
[PlyCount "93"]
[EventDate "2010.??.??"]
[EventType "swiss"]
[EventRounds "7"]
[EventCountry "GER"]
[SourceDate "2010.09.15"]

1. e4 e5 2. Nf3 Nc6 3. Bc4 Qe7 4. Nc3 d6 5. Nd5 Qd8 6. c3 Be6 7. d3 Bxd5 8.
Bxd5 Qd7 9. b4 Nd8 10. a4 Nf6 11. Bb3 Be7 12. h3 O-O 13. a5 a6 14. O-O Qc6 15.
c4 Qd7 16. Be3 Nc6 17. Ba4 Rfe8 18. Qb3 Rf8 19. c5 Rae8 20. Rac1 Rd8 21. Qc3
Rde8 22. Rfd1 Qe6 23. Bb3 Qd7 24. Ba4 Nh5 25. d4 exd4 26. Nxd4 Nxd4 27. Bxd7
Ne2+ 28. Kf1 Nxc3 29. Rxc3 Rd8 30. Bg4 Nf6 31. Bf3 Ne8 32. e5 Rd7 33. Bxb7 c6
34. Bxc6 Rc7 35. cxd6 Bxd6 36. exd6 Nxd6 37. Rxd6 Re7 38. Bf3 Rfe8 39. Rxa6 Rd7
40. b5 Rb7 41. Bxb7 Rb8 42. Bf4 Re8 43. Ra8 h6 44. Rxe8+ Kh7 45. Be4+ g6 46.
Be5 h5 47. Rh8# 1-0

[Event "Solingen-ch"]
[Site "Solingen"]
[Date "2010.10.29"]
[Round "4"]
[White "Peschel, Andreas"]
[Black "Görke, Joachim"]
[Result "1-0"]
[WhiteElo "2173"]
[BlackElo "2154"]
[PlyCount "93"]
[EventDate "2010.??.??"]
[EventType "swiss"]
[EventRounds "7"]
[EventCountry "GER"]
[SourceDate "2010.09.15"]

1. Nf3 c5 2. g3 d5 3. Bg2 Nc6 4. O-O Nf6 5. c4 g6 6. cxd5 Nxd5 7. d4 cxd4 8.
Nxd4 Bg7 9. Nb5 Be6 10. Bxd5 Bxd5 11. Qxd5 Qxd5 12. Nc7+ Kf8 13. Nxd5 Nd4 14.
Nbc3 e6 15. Nf4 h5 16. Be3 Nf5 17. Bc5+ Kg8 18. Rfd1 b6 19. Ba3 g5 20. Ng2 Nd4
21. Be7 g4 22. Rd2 e5 23. Nh4 Re8 24. Nd5 Rh6 25. Bg5 Rd6 26. Ne7+ Kh7 27. e3
f6 28. exd4 fxg5 29. Nhf5 Rd7 30. Nxg7 Rexe7 31. Nf5 Rf7 32. Ne3 Rxd4 33. Rad1
Ra4 34. b3 Ra5 35. Nc4 Rc5 36. a4 h4 37. Rd7 Rg7 38. R7d5 Rgc7 39. Rxe5 b5 40.
axb5 Rxe5 41. Nxe5 Rc5 42. Rd7+ Kg8 43. Nxg4 Rxb5 44. Rxa7 Rxb3 45. Kg2 Rb4 46.
Kh3 Rb5 47. gxh4 1-0

[Event "Solingen-ch"]
[Site "Solingen"]
[Date "2010.10.29"]
[Round "4"]
[White "Maczkowiak, Thomas"]
[Black "Kappelt, Jörg"]
[Result "0-1"]
[WhiteElo "1943"]
[BlackElo "2201"]
[PlyCount "68"]
[EventDate "2010.??.??"]
[EventType "swiss"]
[EventRounds "7"]
[EventCountry "GER"]
[SourceDate "2010.09.15"]

1. Nf3 d5 2. c4 d4 3. e3 c5 4. exd4 cxd4 5. g3 Nc6 6. Bg2 Nf6 7. O-O g6 8. d3
Bg7 9. Re1 O-O 10. Bf4 Nd7 11. Na3 e5 12. Bd2 Nc5 13. Qc2 Bf5 14. Bf1 Bg4 15.
Bg2 a5 16. Nb5 h6 17. h3 Bf5 18. Bf1 g5 19. Nh2 Qd7 20. g4 Bg6 21. Rab1 Rfe8
22. f3 Re7 23. b4 axb4 24. Bxb4 Nxb4 25. Rxb4 f5 26. gxf5 Bxf5 27. Ng4 Bxg4 28.
fxg4 e4 29. dxe4 Be5 30. Bd3 Rf7 31. Rf1 Rxf1+ 32. Kxf1 Qf7+ 33. Kg1 Nxd3 34.
Qxd3 Rxa2 0-1

[Event "Solingen-ch"]
[Site "Solingen"]
[Date "2010.10.29"]
[Round "4"]
[White "Düxmann, Marcel"]
[Black "Speck, Stefan"]
[Result "0-1"]
[WhiteElo "1666"]
[BlackElo "2004"]
[PlyCount "118"]
[EventDate "2010.??.??"]
[EventType "swiss"]
[EventRounds "7"]
[EventCountry "GER"]
[SourceDate "2010.09.15"]

1. d4 d5 2. c4 c6 3. Nf3 Nf6 4. Nc3 dxc4 5. a4 Bg4 6. Ne5 Bh5 7. f3 Na6 8. Nxc4
e6 9. Bg5 Nb4 10. e4 Qxd4 11. Qxd4 Nc2+ 12. Kf2 Nxd4 13. Rd1 Bc5 14. Be3 O-O-O
15. e5 Ne8 16. Ne4 b6 17. b4 Bxb4 18. Rxd4 Rxd4 19. Bxd4 Bg6 20. Be2 Bxe4 21.
fxe4 Nc7 22. Rd1 Rd8 23. Be3 Rxd1 24. Bxd1 Kd7 25. Bh5 b5 26. axb5 cxb5 27. Nb2
Bc3 28. Nd3 a5 29. Ke2 a4 30. Bc1 g6 31. Bf3 Kc6 32. Kd1 b4 33. Bd2 Bxd2 34.
Kxd2 Kb5 35. Kc2 Na8 36. Nb2 Nb6 37. Be2+ Kc5 38. Nd3+ Kc4 39. Nb2+ Kd4 40. Bb5
b3+ 41. Kb1 a3 42. Na4 Nc4 43. Bxc4 Kxc4 44. Nb6+ Kc3 45. Na4+ Kd4 46. Nb6 Kxe4
47. Nc4 a2+ 48. Kb2 h5 49. Nd2+ Kxe5 50. Nxb3 Ke4 51. Kxa2 Ke3 52. Kb2 Kf2 53.
Kc3 Kxg2 54. h4 Kg3 55. Kd4 Kxh4 56. Nd2 Kg4 57. Ke3 f5 58. Nf3 Kg3 59. Ng1 e5
0-1

[Event "Solingen-ch"]
[Site "Solingen"]
[Date "2010.10.29"]
[Round "4"]
[White "Beil, Detlef"]
[Black "Baumann, Ralf"]
[Result "1/2-1/2"]
[WhiteElo "1996"]
[BlackElo "1812"]
[PlyCount "153"]
[EventDate "2010.??.??"]
[EventType "swiss"]
[EventRounds "7"]
[EventCountry "GER"]
[SourceDate "2010.09.15"]

1. e4 e5 2. Nf3 Nc6 3. Bb5 a6 4. Ba4 Nf6 5. d3 d6 6. O-O Be7 7. c3 O-O 8. Re1
b5 9. Bc2 Bg4 10. h3 Bh5 11. Nbd2 Qd7 12. Nf1 Nd8 13. Ng3 Bg6 14. d4 Nc6 15.
Nh4 Rfe8 16. Nxg6 hxg6 17. Bg5 Nh7 18. Be3 Bh4 19. Qd2 Rad8 20. Rad1 Qe7 21. d5
Nb8 22. a4 Nd7 23. axb5 axb5 24. b4 Bg5 25. Bd3 Rb8 26. Ra1 Rb7 27. Ra5 Reb8
28. Qe2 Bxe3 29. Qxe3 Ndf6 30. Rea1 Qe8 31. Qe2 Kf8 32. Ra6 Ng8 33. R1a5 Ne7
34. Qa2 Nf6 35. Ra7 Rxa7 36. Rxa7 c6 37. Qa6 Nexd5 38. exd5 Nxd5 39. Qa1 f5 40.
Bc2 Nb6 41. Bb3 d5 42. Qc1 Qd8 43. Qe3 Qd6 44. Qg5 Nd7 45. h4 f4 46. Ne2 Rc8
47. h5 gxh5 48. Qxh5 Kg8 49. Qf5 Rd8 50. Kf1 Qf6 51. Qg4 Nf8 52. f3 Ne6 53. Ke1
Nf8 54. Kd2 Ng6 55. Kc2 Rf8 56. Kb2 Qf5 57. Qxf5 Rxf5 58. Bc2 Rg5 59. Rc7 Rxg2
60. Rxc6 Rxe2 61. Rxg6 Rf2 62. Rg5 Re2 63. Kc1 Kf7 64. Bd3 Re3 65. Kd2 Rxf3 66.
Rxe5 Kf6 67. Rxd5 g5 68. Rf5+ Kg6 69. Rxf4+ Rxd3+ 70. Kxd3 gxf4 71. c4 bxc4+
72. Kxc4 Kf5 73. Kd3 Ke5 74. b5 Kd5 75. b6 Kc6 76. Ke4 Kxb6 77. Kxf4 1/2-1/2

[Event "Solingen-ch"]
[Site "Solingen"]
[Date "2010.10.29"]
[Round "4"]
[White "Bashylin, Seva"]
[Black "Kaiser, Stephan"]
[Result "1-0"]
[WhiteElo "1686"]
[BlackElo "1492"]
[PlyCount "79"]
[EventDate "2010.??.??"]
[EventType "swiss"]
[EventRounds "7"]
[EventCountry "GER"]
[SourceDate "2010.09.15"]

1. e4 e5 2. Nf3 Nc6 3. Bb5 a6 4. Bxc6 dxc6 5. O-O Nf6 6. Nxe5 Bc5 7. c3 O-O 8.
Re1 Re8 9. d4 Bd6 10. f4 c5 11. Qf3 cxd4 12. cxd4 b5 13. Nc6 Qd7 14. e5 Bb7 15.
Ne7+ Bxe7 16. Qxb7 Qxd4+ 17. Be3 Qxb2 18. exf6 Bb4 19. Nd2 Bxd2 20. Bxd2 Qxd2
21. Rf1 Rad8 22. fxg7 Re2 23. Rac1 c5 24. h4 c4 25. Kh2 Rf2 26. Rfd1 Qxf4+ 27.
Kg1 Rfd2 28. Rf1 Qd4+ 29. Kh1 Qxh4+ 30. Kg1 Qd4+ 31. Kh1 Qxg7 32. Qc6 Rxa2 33.
Rce1 Qg5 34. Re8+ Kg7 35. Rxd8 Qxd8 36. Qe4 Qd7 37. Qe5+ Kf8 38. Qh8+ Ke7 39.
Re1+ Kd6 40. Rd1+ 1-0

[Event "Solingen-ch"]
[Site "Solingen"]
[Date "2010.10.29"]
[Round "4"]
[White "Hobusch, Jan"]
[Black "Borchert, Stephan"]
[Result "1/2-1/2"]
[WhiteElo "1745"]
[BlackElo "1897"]
[PlyCount "53"]
[EventDate "2010.??.??"]
[EventType "swiss"]
[EventRounds "7"]
[EventCountry "GER"]
[SourceDate "2010.09.15"]

1. e4 g6 2. d4 Bg7 3. Nf3 d6 4. Nc3 Nf6 5. Bc4 O-O 6. O-O Nxe4 7. Nxe4 d5 8.
Ned2 dxc4 9. Nxc4 b6 10. c3 Bb7 11. Re1 Nd7 12. Bg5 Nf6 13. Nce5 Ne4 14. Bh4
Bf6 15. Bxf6 exf6 16. Nc4 Qd5 17. Ne3 Qd6 18. Nd2 Ng5 19. Qg4 h5 20. Qg3 Qd7
21. Qf4 Kg7 22. f3 Rfe8 23. Nef1 c5 24. dxc5 bxc5 25. Nb3 Qb5 26. Nfd2 Ne6 27.
Qc4 1/2-1/2

[Event "Solingen-ch"]
[Site "Solingen"]
[Date "2010.10.29"]
[Round "4"]
[White "Möller, Jonas"]
[Black "Boschek, Hans-Joachim"]
[Result "0-1"]
[WhiteElo "988"]
[BlackElo "1946"]
[PlyCount "64"]
[EventDate "2010.??.??"]
[EventType "swiss"]
[EventRounds "7"]
[EventCountry "GER"]
[SourceDate "2010.09.15"]

1. d4 f5 2. c4 Nf6 3. Nc3 e6 4. Nf3 Be7 5. Bf4 d6 6. e3 O-O 7. Be2 Ne4 8. Nd2
Nxc3 9. bxc3 g5 10. Bg3 f4 11. exf4 gxf4 12. Bxf4 Rxf4 13. O-O Nd7 14. Bd3 Qf8
15. g3 Rf7 16. Qg4+ Qg7 17. Qxe6 Ne5 18. Qd5 Nxd3 19. Qe4 Nf4 20. Rae1 Bh3 21.
Nf3 Raf8 22. Re3 Bxf1 23. Kxf1 Nh3 24. Kg2 Ng5 25. Qc2 Nxf3 26. Re2 Qh6 27. h4
Bxh4 28. Qd1 Bxg3 29. Qh1 Bh2 30. Kf1 Qc1+ 31. Kg2 Rg7+ 32. Kh3 Qh6# 0-1

[Event "Solingen-ch"]
[Site "Solingen"]
[Date "2010.10.29"]
[Round "4"]
[White "Kowalzick, Uwe"]
[Black "Falge, Rainer"]
[Result "1-0"]
[WhiteElo "1620"]
[BlackElo "1553"]
[PlyCount "96"]
[EventDate "2010.??.??"]
[EventType "swiss"]
[EventRounds "7"]
[EventCountry "GER"]
[SourceDate "2010.09.15"]

1. d4 d6 2. c4 Nf6 3. Nc3 g6 4. e4 Bg7 5. f4 c6 6. h3 Na6 7. Nf3 Bd7 8. Be2 Qc7
9. Be3 O-O-O 10. Rc1 e5 11. fxe5 dxe5 12. Nxe5 Rhe8 13. O-O Rxe5 14. dxe5 Qxe5
15. Bf4 Qc5+ 16. Kh2 Bxh3 17. gxh3 Rxd1 18. Rcxd1 Nc7 19. e5 Nd7 20. Ne4 Qe7
21. Nd6+ Kb8 22. e6 Qxe6 23. Bg4 f5 24. Rfe1 Be5 25. Bxe5 Nxe5 26. Nf7 Nxf7 27.
Rxe6 Nxe6 28. Bf3 Ne5 29. Be2 Kc7 30. b4 f4 31. c5 f3 32. Bf1 Ng5 33. Kg3 Ngf7
34. h4 h6 35. Bh3 g5 36. h5 b6 37. Be6 Nd8 38. Bg4 bxc5 39. bxc5 f2 40. Be2 Ne6
41. Rd6 Nf4 42. Kxf2 g4 43. Bxg4 Nfd3+ 44. Kg3 Nxc5 45. Rxh6 Kd8 46. Rh7 Ncd7
47. Bxd7 Nxd7 48. Rxd7+ Kxd7 1-0

[Event "Solingen-ch"]
[Site "Solingen"]
[Date "2010.10.29"]
[Round "4"]
[White "Schikowsky, Andreas"]
[Black "Wolf, Wieland"]
[Result "1-0"]
[WhiteElo "1883"]
[BlackElo "1383"]
[PlyCount "45"]
[EventDate "2010.??.??"]
[EventType "swiss"]
[EventRounds "7"]
[EventCountry "GER"]
[SourceDate "2010.09.15"]

1. e4 c5 2. d4 cxd4 3. c3 Nc6 4. cxd4 e6 5. Nf3 Bb4+ 6. Nc3 Nge7 7. Bd3 O-O 8.
O-O a6 9. Be3 d6 10. Rc1 Bxc3 11. Rxc3 Nb4 12. Bb1 d5 13. e5 Bd7 14. Bxh7+ Kxh7
15. Ng5+ Kg6 16. Qg4 f5 17. Qg3 f4 18. Bxf4 Nf5 19. Qg4 Nh6 20. Qh4 Rxf4 21.
Qxf4 Nf5 22. h4 Qh8 23. Rh3 1-0

[Event "Solingen-ch"]
[Site "Solingen"]
[Date "2010.10.29"]
[Round "4"]
[White "Sherif, Amina"]
[Black "Bauer, Matthias"]
[Result "0-1"]
[WhiteElo "1080"]
[BlackElo "1652"]
[PlyCount "132"]
[EventDate "2010.??.??"]
[EventType "swiss"]
[EventRounds "7"]
[EventCountry "GER"]
[SourceDate "2010.09.15"]

1. d4 d5 2. Nf3 Nf6 3. e3 Bf5 4. c4 e6 5. Nc3 c6 6. Be2 Bb4 7. a3 Ba5 8. b4 Bc7
9. Bb2 Nbd7 10. Qd2 Ne4 11. Qd1 Ndf6 12. Qb3 Nxc3 13. Bxc3 Ne4 14. Bb2 Bg4 15.
h3 Bxf3 16. Bxf3 Qh4 17. Bxe4 Qxe4 18. O-O h5 19. Rac1 Rh6 20. Qc2 Qh4 21. Qe2
Rg6 22. Qf3 Rf6 23. Qe2 g5 24. f4 gxf4 25. Qf2 Qg5 26. Rc3 Kd7 27. Bc1 Rg8 28.
Rc2 f3 29. e4 fxg2 30. Qxg2 Qxg2+ 31. Rxg2 Rxg2+ 32. Kxg2 Rxf1 33. Kxf1 dxc4
34. Ke2 e5 35. Bb2 Ke6 36. Kf3 exd4 37. Bxd4 a6 38. Ke2 Be5 39. Be3 Bb2 40. Kd1
Bxa3 41. Bd2 Ke5 42. Kc2 c5 43. bxc5 Bxc5 44. Kc3 b5 45. Kb2 Kxe4 46. Kc3 f5
47. Kc2 f4 48. Kd1 f3 49. Ke1 f2+ 50. Kf1 Kd3 51. Bf4 Be3 52. Bd6 c3 53. Ba3 c2
54. h4 b4 55. Bc1 b3 56. Ba3 c1=Q+ 57. Bxc1 Bxc1 58. Kxf2 b2 59. Kf3 b1=Q 60.
Kg3 Qb8+ 61. Kf3 a5 62. Kf2 a4 63. Kf3 a3 64. Kf2 Qf4+ 65. Kg2 Qg4+ 66. Kf2
Be3+ 0-1

[Event "Solingen-ch"]
[Site "Solingen"]
[Date "2010.10.29"]
[Round "4"]
[White "Kirschbaum, Alexander"]
[Black "Müller, Ernst"]
[Result "0-1"]
[WhiteElo "1531"]
[BlackElo "1517"]
[PlyCount "60"]
[EventDate "2010.??.??"]
[EventType "swiss"]
[EventRounds "7"]
[EventCountry "GER"]
[SourceDate "2010.09.15"]

1. e4 e5 2. Nf3 Nc6 3. Bb5 a6 4. Ba4 Nf6 5. O-O b5 6. Bb3 Be7 7. Re1 O-O 8. c3
d5 9. exd5 e4 10. dxc6 exf3 11. g3 Bg4 12. d4 h6 13. Qd3 Re8 14. Nd2 Bd6 15.
Rxe8+ Qxe8 16. Nxf3 Qxc6 17. Ne5 Bxe5 18. dxe5 Qd7 19. Qxd7 Nxd7 20. f4 Nc5 21.
Bc2 Rd8 22. Be3 Nd3 23. b3 c5 24. c4 bxc4 25. bxc4 Nb2 26. Bxc5 Nxc4 27. Bb3
Nd2 28. Ba4 Nf3+ 29. Kh1 Rd2 30. Bg1 Bh3 0-1

[Event "Solingen-ch"]
[Site "Solingen"]
[Date "2010.10.29"]
[Round "4"]
[White "Kublanow, Vladislav"]
[Black "Möller, Laura"]
[Result "1-0"]
[WhiteElo "1409"]
[BlackElo "781"]
[PlyCount "65"]
[EventDate "2010.??.??"]
[EventType "swiss"]
[EventRounds "7"]
[EventCountry "GER"]
[SourceDate "2010.09.15"]

1. d4 d5 2. Nf3 Nc6 3. Bf4 Nf6 4. e3 e6 5. Bd3 Bb4+ 6. c3 Bd6 7. Bg5 O-O 8. Qc2
e5 9. dxe5 Bxe5 10. Bxf6 Bxf6 11. Bxh7+ Kh8 12. Bd3 g6 13. Nbd2 Bf5 14. Bxf5
gxf5 15. Qxf5 Ne7 16. Qxf6+ Kg8 17. Ng5 Qc8 18. Qxe7 Qf5 19. Ndf3 Rfe8 20. Qxc7
Rab8 21. O-O Rec8 22. Qg3 f6 23. Ne6+ Kf7 24. Qg7+ Ke8 25. Nfd4 Qh5 26. Nb5 Qf7
27. Nd6+ Kd7 28. Qxf7+ Kc6 29. Nxc8 Rxc8 30. Rfd1 Kd6 31. e4 d4 32. Rxd4+ Ke5
33. f4# 1-0

[Event "Solingen-ch"]
[Site "Solingen"]
[Date "2010.11.19"]
[Round "5"]
[White "Kappelt, Jörg"]
[Black "Peschel, Andreas"]
[Result "1/2-1/2"]
[WhiteElo "2201"]
[BlackElo "2173"]
[PlyCount "45"]
[EventDate "2010.??.??"]
[SourceDate "2010.09.15"]
[WhiteTeam "SV Hilden"]
[BlackTeam "SG Solingen"]

1. e4 g6 2. d4 Bg7 3. Nc3 c6 4. f4 d5 5. e5 Nh6 6. Nf3 f6 7. Bd3 O-O 8. O-O
fxe5 9. dxe5 Bg4 10. h3 Bxf3 11. Rxf3 Nd7 12. Ne2 e6 13. Be3 Qe7 14. Qd2 Nf5
15. Raf1 Nxe3 16. Qxe3 a6 17. c3 Rae8 18. Bb1 Qc5 19. Nd4 Qe7 20. Rg3 Kh8 21.
Rff3 Bh6 22. Rg4 c5 23. Ne2 1/2-1/2

[Event "Solingen-ch"]
[Site "Solingen"]
[Date "2010.11.19"]
[Round "5"]
[White "Görke, Joachim"]
[Black "Bashylin, Seva"]
[Result "1/2-1/2"]
[WhiteElo "2154"]
[BlackElo "1686"]
[PlyCount "86"]
[EventDate "2010.??.??"]
[SourceDate "2010.09.15"]
[WhiteTeam "SG Solingen"]
[BlackTeam "SG Solingen"]

1. e4 e6 2. d4 d5 3. exd5 exd5 4. Bd3 Bd6 5. Nf3 Ne7 6. O-O O-O 7. Re1 Nbc6 8.
c3 Bf5 9. Bg5 f6 10. Be3 Qd7 11. Qc2 Rae8 12. b4 Bxd3 13. Qxd3 Ng6 14. Nbd2 Nd8
15. a4 Ne6 16. Qb5 c6 17. Qf1 Bc7 18. Nb3 Qd6 19. g3 f5 20. Ne5 f4 21. Nxg6
hxg6 22. Bd2 fxg3 23. hxg3 b6 24. Re2 Rf6 25. Rae1 Kf7 26. Nc1 Rh8 27. Nd3 Qd8
28. Qg2 g5 29. Ne5+ Bxe5 30. Rxe5 Rfh6 31. Kf1 Qf6 32. Rxe6 Rh1+ 33. Qxh1 Rxh1+
34. Kg2 Rh2+ 35. Kxh2 Qxf2+ 36. Kh3 Qxd2 37. Re7+ Kg6 38. R1e6+ Kh7 39. Rxc6
Qd1 40. Rcc7 Kh6 41. Rxg7 Qh5+ 42. Kg2 Qe2+ 43. Kh3 Qh5+ 1/2-1/2

[Event "Solingen-ch"]
[Site "Solingen"]
[Date "2010.11.19"]
[Round "5"]
[White "Speck, Stefan"]
[Black "Meertens, Martin"]
[Result "0-1"]
[WhiteElo "2004"]
[BlackElo "2154"]
[PlyCount "56"]
[EventDate "2010.??.??"]
[SourceDate "2010.09.15"]
[WhiteTeam "SC Solingen 1928"]
[BlackTeam "KKS"]

1. d4 d5 2. c4 c6 3. Nf3 Nf6 4. Nc3 a6 5. cxd5 cxd5 6. Bf4 Nc6 7. e3 Bf5 8. Ne5
Qb6 9. Bd3 Qxb2 10. Bxf5 Qxc3+ 11. Kf1 e6 12. Bd3 Nxe5 13. Bxe5 Rc8 14. Ke2 Be7
15. Rc1 Qb2+ 16. Kf3 O-O 17. Rb1 Qxa2 18. Rxb7 Ne4 19. Qe2 Qa3 20. Bxe4 dxe4+
21. Kg4 f6 22. Bg3 Qa5 23. Kh3 h5 24. Rxe7 Qf5+ 25. Kh4 Qg5+ 26. Kh3 Rc2 27.
Bf4 Qg6 28. Qd1 Rd2 0-1

[Event "Solingen-ch"]
[Site "Solingen"]
[Date "2010.11.19"]
[Round "5"]
[White "Borchert, Stephan"]
[Black "Beil, Detlef"]
[Result "1-0"]
[WhiteElo "1897"]
[BlackElo "1996"]
[PlyCount "67"]
[EventDate "2010.??.??"]
[SourceDate "2010.09.15"]
[WhiteTeam "SG Solingen"]
[BlackTeam "SC Solingen 1928"]

1. e4 c5 2. Nf3 d6 3. Bb5+ Bd7 4. a4 a6 5. Bc4 e6 6. O-O Nf6 7. Re1 Be7 8. c3
Qc7 9. d3 Nc6 10. Bf4 O-O 11. Nbd2 Qc8 12. Ba2 e5 13. Bg5 Be6 14. Bxe6 Qxe6 15.
Nc4 b5 16. Ne3 b4 17. Nd2 Nd7 18. Bxe7 Nxe7 19. Qf3 Rab8 20. Ndc4 bxc3 21. bxc3
Rb3 22. Nd5 Nxd5 23. exd5 Qg6 24. Rec1 f5 25. Na5 Rb2 26. Nc6 Qf6 27. Qd1 e4
28. d4 f4 29. Qg4 Nb8 30. Rab1 Rxb1 31. Rxb1 Nxc6 32. dxc6 cxd4 33. c7 h5 34.
Qd7 1-0